<?xml version="1.0" encoding="UTF-8"?>
<collection xmlns:xsi="http://www.w3.org/2001/XMLSchema-instance" xsi:schemaLocation="http://www.loc.gov/MARC21/slim http://www.loc.gov/standards/marcxml/schema/MARC21slim.xsd" xmlns="http://www.loc.gov/MARC21/slim">
 <record>
  <leader>00000cam a22000004i 4500</leader>
  <controlfield tag="001">UP-99796217611443175</controlfield>
  <controlfield tag="003">Buklod</controlfield>
  <controlfield tag="005">20230504003249.0</controlfield>
  <controlfield tag="006">m     o  j        </controlfield>
  <controlfield tag="007">ta</controlfield>
  <controlfield tag="008">130115s2013    nyu     r    |000 0|eng d</controlfield>
  <datafield tag="020" ind1=" " ind2=" ">
   <subfield code="a">9780415608626 (pbk)</subfield>
  </datafield>
  <datafield tag="035" ind1=" " ind2=" ">
   <subfield code="a">(iLib)UPD-00235505113</subfield>
  </datafield>
  <datafield tag="040" ind1=" " ind2=" ">
   <subfield code="a">DLC</subfield>
   <subfield code="d">DML</subfield>
   <subfield code="e">rda</subfield>
  </datafield>
  <datafield tag="041" ind1="0" ind2=" ">
   <subfield code="a">eng</subfield>
  </datafield>
  <datafield tag="042" ind1=" " ind2=" ">
   <subfield code="a">DMLUC</subfield>
  </datafield>
  <datafield tag="090" ind1=" " ind2=" ">
   <subfield code="a">RC 512</subfield>
   <subfield code="b">I57 2014</subfield>
  </datafield>
  <datafield tag="245" ind1="0" ind2="0">
   <subfield code="a">Insanity and divinity</subfield>
   <subfield code="b">studies in psychosis and spirituality</subfield>
   <subfield code="c">edited by John Gale, Michael Robson, and Georgia Rapsomatioti.</subfield>
  </datafield>
  <datafield tag="264" ind1=" " ind2="1">
   <subfield code="a">London</subfield>
   <subfield code="b">Routledge</subfield>
   <subfield code="c">2014.</subfield>
  </datafield>
  <datafield tag="300" ind1=" " ind2=" ">
   <subfield code="a">xxx, 255 pages</subfield>
   <subfield code="c">25 cm</subfield>
  </datafield>
  <datafield tag="336" ind1=" " ind2=" ">
   <subfield code="a">text</subfield>
   <subfield code="2">rdacontent</subfield>
  </datafield>
  <datafield tag="337" ind1=" " ind2=" ">
   <subfield code="a">unmediated</subfield>
   <subfield code="2">rdamedia</subfield>
  </datafield>
  <datafield tag="338" ind1=" " ind2=" ">
   <subfield code="a">volume</subfield>
   <subfield code="2">rdacarrier</subfield>
  </datafield>
  <datafield tag="504" ind1=" " ind2=" ">
   <subfield code="a">Includes bibliographical references and index.</subfield>
  </datafield>
  <datafield tag="505" ind1="0" ind2=" ">
   <subfield code="a">Part 1. Psychoanalysis, belief and mysticism -- Introduction to Part 1 : fragments of madness and delusion / John Gale -- Ch. 1. From beyond speech to non-inscription : spirit and psyche in the philosophy of psychoanalysis / John Gale -- Ch. 2. Freud, madness and the delusion of religious belief / Josè Mannu -- Ch. 3. Jung's divine madness / Christopher MacKenna -- Part 2. Anthropology, history and hagiography -- Introduction to Part 2. conversion and the fragmented body / John Gale -- Ch. 4. Divine madness : tantric ascetics on the cremation ground in Tarapith, Birbhum District, West Bengal / Audrey Cantile -- Ch. 5. Models of wisdom and sanctity : the conversion of St Francis of Assisi / Michael Robson -- Ch. 6. Spiritual conversion in The Bhagavad Gita : a psychoanalytic study / Satish Reddy -- Ch. 7. Did Augustine foreshadow psychoanalysis? / John Gale -- Ch. 8. Mystical theology, mysticism and madness / Rodney Bomford -- Part 3. Psychology, psychosis and religious experience -- Introduction to Part 3. religion, spirituality and the experience of psychosis / John Gale -- Ch. 9. Spirituality and the psychotic subject in the thought of Lacan / Georgia Rapsomatioti -- Ch. 10. Autobiographical accounts of a religious psychosis / Anonymous -- Ch. 11. Dimensions of religious/spiritual wellbeing and the psychotic experience : empirical results and perspectives / Human-Friedrich Unterrainer.</subfield>
  </datafield>
  <datafield tag="520" ind1=" " ind2=" ">
   <subfield code="a">&quot;How close is spirituality to psychosis? Covering the interrelation of psychosis and spirituality from a number of angles, Insanity and Divinity will generate dialogue and discussion, aid critical reflection and stimulate creative approaches to clinical work for those interested in the connections between religious studies, psychoanalysis, anthropology and hagiography. Bringing together an international range of contributors and covering many different types of religious experience, this book presents its theme in three parts: Psychoanalysis, belief and mysticism Anthropology, history and hagiography Psychology, psychosis and religious experience. Each section includes discussion of the hinterland between madness and religious experience from the perspective of a number of religions, autobiographical accounts of those who have experienced a psychosis in which spirituality played a key part and a comprehensive review of the position of psychology research into the meaning and function of spirituality in relation to the psychoses. Insightful, enlightening and wide-ranging, Insanity and Divinity is ideal for clinicians, academics and chaplains working in clinical settings&quot;--Provided by publisher.</subfield>
  </datafield>
  <datafield tag="650" ind1=" " ind2="0">
   <subfield code="a">Psychoses</subfield>
   <subfield code="x">Etiology.</subfield>
  </datafield>
  <datafield tag="650" ind1=" " ind2="0">
   <subfield code="a">Mental illness</subfield>
   <subfield code="x">Religious aspects.</subfield>
  </datafield>
  <datafield tag="650" ind1=" " ind2="0">
   <subfield code="a">Psychiatry and religion.</subfield>
  </datafield>
  <datafield tag="650" ind1=" " ind2="0">
   <subfield code="a">Spirituality</subfield>
   <subfield code="x">Psychological aspects.</subfield>
  </datafield>
  <datafield tag="700" ind1="1" ind2=" ">
   <subfield code="a">John, Gale</subfield>
   <subfield code="e">editor of compilation.</subfield>
  </datafield>
  <datafield tag="700" ind1="1" ind2=" ">
   <subfield code="a">Robson, Michael J. P.</subfield>
   <subfield code="d">1946-</subfield>
   <subfield code="e">editor of compilation.</subfield>
  </datafield>
  <datafield tag="700" ind1="1" ind2=" ">
   <subfield code="a">Rapsomatioti, Georgia</subfield>
   <subfield code="e">editor of compilation.</subfield>
  </datafield>
  <datafield tag="842" ind1=" " ind2=" ">
   <subfield code="a">Book</subfield>
  </datafield>
  <datafield tag="905" ind1=" " ind2=" ">
   <subfield code="a">FO</subfield>
  </datafield>
  <datafield tag="852" ind1="0" ind2=" ">
   <subfield code="a">UPD</subfield>
   <subfield code="b">DMLS</subfield>
   <subfield code="h">RC 512</subfield>
   <subfield code="i">I57 2014</subfield>
  </datafield>
  <datafield tag="942" ind1=" " ind2=" ">
   <subfield code="a">Book</subfield>
  </datafield>
 </record>
</collection>
